<?xml version="1.0" encoding="UTF-8"?>
<record
    xmlns:xsi="http://www.w3.org/2001/XMLSchema-instance"
    xsi:schemaLocation="http://www.loc.gov/MARC21/slim http://www.loc.gov/standards/marcxml/schema/MARC21slim.xsd"
    xmlns="http://www.loc.gov/MARC21/slim">

  <leader>00607    a2200145   4500</leader>
  <datafield tag="082" ind1=" " ind2=" ">
    <subfield code="a"> BICSE-2</subfield>
  </datafield>
  <datafield tag="100" ind1=" " ind2=" ">
    <subfield code="a">Malik Imran Kausar</subfield>
    <subfield code="9">92329</subfield>
  </datafield>
  <datafield tag="245" ind1=" " ind2=" ">
    <subfield code="a">Water monitoring System using Wireless Sensor Networks [Project BICSE2[</subfield>
    <subfield code="c"> Malik Imran Kausar</subfield>
  </datafield>
  <datafield tag="260" ind1=" " ind2=" ">
    <subfield code="a"> Islamabad,</subfield>
    <subfield code="b">NUST School of Electrical Engineering &amp; Computer Science,</subfield>
    <subfield code="c">2008.</subfield>
  </datafield>
  <datafield tag="300" ind1=" " ind2=" ">
    <subfield code="a">78 p.</subfield>
    <subfield code="b">: ill.</subfield>
    <subfield code="c">; 27 cm. +</subfield>
    <subfield code="e">CD-ROM</subfield>
  </datafield>
  <datafield tag="500" ind1=" " ind2=" ">
    <subfield code="a">Supervisors : Mr. Tahir Azeem, Dr. Syed Ali Khayam.</subfield>
  </datafield>
  <datafield tag="700" ind1=" " ind2=" ">
    <subfield code="a">Osama Riaz Khan &amp; Umair Ahmed Bhatti.</subfield>
    <subfield code="9">92330</subfield>
  </datafield>
  <datafield tag="856" ind1=" " ind2=" ">
    <subfield code="u">http://10.250.8.41:8080/xmlui/handle/123456789/8953</subfield>
  </datafield>
  <datafield tag="942" ind1=" " ind2=" ">
    <subfield code="c">PR</subfield>
    <subfield code="k">BICSE-2 IMR</subfield>
    <subfield code="2">ddc</subfield>
  </datafield>
  <datafield tag="999" ind1=" " ind2=" ">
    <subfield code="c">9144</subfield>
    <subfield code="d">9144</subfield>
  </datafield>
  <datafield tag="952" ind1=" " ind2=" ">
    <subfield code="0">2</subfield>
    <subfield code="1">0</subfield>
    <subfield code="4">0</subfield>
    <subfield code="7">0</subfield>
    <subfield code="a">CL</subfield>
    <subfield code="b">CL</subfield>
    <subfield code="d">2022-07-04</subfield>
    <subfield code="l">1</subfield>
    <subfield code="o">BICSE-2 IMR</subfield>
    <subfield code="p">SEECSP00686</subfield>
    <subfield code="r">2014-05-19</subfield>
    <subfield code="s">2014-01-20</subfield>
    <subfield code="w">2012-11-14</subfield>
    <subfield code="y">PR</subfield>
  </datafield>
  <datafield tag="952" ind1=" " ind2=" ">
    <subfield code="0">0</subfield>
    <subfield code="1">0</subfield>
    <subfield code="2">ddc</subfield>
    <subfield code="4">0</subfield>
    <subfield code="7">0</subfield>
    <subfield code="a">CL</subfield>
    <subfield code="b">CL</subfield>
    <subfield code="c">THE</subfield>
    <subfield code="d">2019-12-26</subfield>
    <subfield code="o">621.38 BICSE-2</subfield>
    <subfield code="p">CL-T-4388</subfield>
    <subfield code="r">2019-12-26</subfield>
    <subfield code="w">2019-12-26</subfield>
    <subfield code="y">THE</subfield>
  </datafield>
</record>
